[Event "FIDE WYCC 2016 U16 boys"]
[Site "Khanty Mansiysk"]
[Date "2016.09.25"]
[Round "4.2"]
[White "Gazik, Viktor"]
[Black "Martirosyan, Haik M"]
[Result "0-1"]
[WhiteElo "2429"]
[BlackElo "2470"]
[Annotator "Reinhold Goldau"]
[PlyCount "168"]
[EventDate "2016.09.??"]
[EventType "swiss"]
[EventRounds "11"]
[EventCountry "RUS"]
[SourceTitle "Youth Database"]
[Source "CBase R.Goldau"]
[SourceDate "2000.03.01"]
[WhiteClock "0:01:13"]
[BlackClock "0:05:13"]

1. e4 e6 2. d3 d5 3. Nd2 c5 4. Ngf3 Nc6 5. g3 Nge7 6. Bg2 g6 7. O-O Bg7 8. Re1
O-O 9. Nf1 dxe4 10. dxe4 e5 11. c3 h6 12. Qe2 Be6 13. h4 Qc7 14. h5 Rad8 15.
N1h2 c4 16. Be3 b5 17. a3 Na5 18. hxg6 fxg6 19. Nd2 a6 20. Rad1 Nb7 21. Ndf1
Nc5 22. Bxc5 Qxc5 23. Ne3 Kh7 24. Bf3 h5 25. g4 hxg4 26. Bxg4 Bf7 27. Bh3 Ng8
28. Neg4 Nf6 29. Nf3 Nh5 30. Ng5+ Kg8 31. Ne3 Qe7 32. Qg4 Bh6 33. Nxf7 Qxf7 34.
Qe6 Bxe3 35. fxe3 Qxe6 36. Bxe6+ Kg7 37. Kg2 Nf6 38. Bd5 Rd6 39. Bb7 Rb6 40.
Bd5 Rd8 41. Kf3 Rbd6 42. Re2 Rf8 43. Kg2 Nxe4 44. Rc2 Nf6 45. Bf3 Rxd1 46. Bxd1
Rd8 47. Be2 e4 48. Kg3 Rd5 49. a4 Rg5+ 50. Kf2 Nd5 51. Rd2 Rf5+ 52. Kg3 Rg5+
53. Kf2 Kf6 54. Rd4 Ke5 55. Bf1 Rf5+ 56. Ke2 Rh5 57. Bg2 Rh4 58. Kf2 g5 59. Rd1
Rh2 60. Rd4 Rh4 61. Rd1 Nf6 62. Kg3 Nh5+ 63. Kf2 Nf6 64. Kg3 Ng4 65. Re1 bxa4
66. Bf1 Kd5 67. Bh3 Ne5 68. Ra1 Nd3 69. Rxa4 Nc5 70. Ra5 Rh6 71. Bf5 Kc6 72.
Kg4 Rh2 73. Kxg5 Rxb2 74. Kf4 Rb5 75. Ra1 Rb3 76. Bxe4+ Kb5 77. Rc1 a5 78. Ke5
a4 79. Kd4 Nxe4 80. Kxe4 a3 81. Kd4 Rb2 82. Ra1 Rd2+ 83. Ke5 a2 84. e4 Ka4 0-1

[Event "FIDE WYCC 2016 U16 boys"]
[Site "Khanty Mansiysk"]
[Date "2016.09.25"]
[Round "4.3"]
[White "Moroni, Luca Jr"]
[Black "Lodici, Lorenzo"]
[Result "1-0"]
[WhiteElo "2459"]
[BlackElo "2359"]
[Annotator "Reinhold Goldau"]
[PlyCount "95"]
[EventDate "2016.09.??"]
[EventType "swiss"]
[EventRounds "11"]
[EventCountry "RUS"]
[SourceTitle "Youth Database"]
[Source "CBase R.Goldau"]
[SourceDate "2000.03.01"]
[WhiteClock "0:29:11"]
[BlackClock "0:25:50"]

1. d4 Nf6 2. c4 e6 3. Nc3 d5 4. cxd5 exd5 5. Bg5 Nbd7 6. e3 Be7 7. Nf3 c6 8.
Qc2 h6 9. Bh4 O-O 10. Bd3 Re8 11. O-O Ne4 12. Bxe7 Qxe7 13. b4 a5 14. b5 Nxc3
15. Qxc3 c5 16. dxc5 Nxc5 17. Nd4 Be6 18. Rac1 Rec8 19. Qa3 Qf8 20. Be2 Qd6 21.
h3 Qb6 22. Bf3 Kh8 23. Rfd1 Rc7 24. Rc2 Rac8 25. Rdc1 Kh7 26. Rc3 g6 27. R3c2
Kh8 28. Nxe6 fxe6 29. Qc3+ Kh7 30. a4 Na6 31. Qb2 Rxc2 32. Rxc2 Rxc2 33. Qxc2
Nc5 34. h4 Kg7 35. Qc3+ Kh7 36. h5 gxh5 37. Bxh5 Ne4 38. Qc8 Nf6 39. Bf7 e5 40.
Bxd5 Nxd5 41. Qd7+ Kg6 42. Qxd5 Qc7 43. Qe6+ Kg7 44. b6 Qc1+ 45. Kh2 Qb2 46.
Qd7+ Kg6 47. Qxb7 Qxf2 48. Qe4+ 1-0

[Event "FIDE WYCC 2016 U16 boys"]
[Site "Khanty Mansiysk"]
[Date "2016.09.25"]
[Round "4.4"]
[White "Agmanov, Zhandos"]
[Black "Triapishko, Olexandr"]
[Result "0-1"]
[WhiteElo "2316"]
[BlackElo "2458"]
[Annotator "Reinhold Goldau"]
[PlyCount "118"]
[EventDate "2016.09.??"]
[EventType "swiss"]
[EventRounds "11"]
[EventCountry "RUS"]
[SourceTitle "Youth Database"]
[Source "CBase R.Goldau"]
[SourceDate "2000.03.01"]
[WhiteClock "0:07:16"]
[BlackClock "0:06:07"]

1. e4 e5 2. Nf3 Nc6 3. Bc4 Nf6 4. d3 Be7 5. O-O O-O 6. c3 d6 7. Re1 Na5 8. Bb5
a6 9. Ba4 b5 10. Bc2 c5 11. Nbd2 Nc6 12. Nf1 Re8 13. Ng3 Bf8 14. d4 cxd4 15.
cxd4 Bg4 16. Be3 Bxf3 17. gxf3 exd4 18. Bxd4 g6 19. Bc3 Bg7 20. a3 h5 21. Bb3
Ra7 22. Ne2 Ne5 23. Nd4 Bh6 24. Bd2 Bxd2 25. Qxd2 Rc7 26. Rac1 Rc5 27. Kh1 Kh7
28. Rcd1 h4 29. f4 Nc4 30. Bxc4 Rxc4 31. f3 Nh5 32. b3 Rc7 33. Ne2 Qd7 34. f5
Rec8 35. Rg1 Qe7 36. Nd4 Qf6 37. Rg4 d5 38. fxg6+ fxg6 39. exd5 Rd7 40. Qg5 h3
41. Rdg1 Qxg5 42. Rxg5 Nf4 43. R5g4 Nd3 44. Rf1 Rxd5 45. Ne6 Rc3 46. b4 Rxa3
47. Ng5+ Kg7 48. Nxh3 Rh5 49. Kg2 Rb3 50. Kg3 Rxb4 51. Rxb4 Nxb4 52. Nf4 Rg5+
53. Kf2 Rf5 54. Ne6+ Kf6 55. Nd4 Rf4 56. Ke3 Nd5+ 57. Kd3 Rh4 58. Ra1 Nb4+ 59.
Kc3 Rxd4 0-1

[Event "FIDE WYCC 2016 U16 boys"]
[Site "Khanty Mansiysk"]
[Date "2016.09.25"]
[Round "4.5"]
[White "Sorokin, Aleksey"]
[Black "Janik, Igor"]
[Result "1/2-1/2"]
[WhiteElo "2437"]
[BlackElo "2322"]
[Annotator "Reinhold Goldau"]
[PlyCount "113"]
[EventDate "2016.09.??"]
[EventType "swiss"]
[EventRounds "11"]
[EventCountry "RUS"]
[SourceTitle "Youth Database"]
[Source "CBase R.Goldau"]
[SourceDate "2000.03.01"]

1. e4 c5 2. Nf3 Nc6 3. d4 cxd4 4. Nxd4 e6 5. Nc3 Qc7 6. Be3 a6 7. Qf3 Ne5 8.
Qg3 h5 9. Bg5 b5 10. a3 Bb7 11. O-O-O Rc8 12. Bf4 h4 13. Qg5 f6 14. Bxe5 fxg5
15. Bxc7 Rxc7 16. e5 Nh6 17. Bd3 Ng4 18. Bg6+ Ke7 19. Rde1 Rc5 20. Be4 Bxe4 21.
Nxe4 Rxe5 22. f3 Nf6 23. b4 Nxe4 24. fxe4 g4 25. Rhf1 g6 26. Nb3 Bh6+ 27. Kb2
Bg7 28. Kb1 Rg5 29. Nc5 d6 30. Nd3 Rc8 31. Re2 Bd4 32. Nc1 Rc3 33. Nb3 Bb6 34.
Kb2 Re3 35. Rxe3 Bxe3 36. Kc3 Bb6 37. Kd3 d5 38. exd5 Rxd5+ 39. Ke4 Bc7 40. h3
gxh3 41. gxh3 Re5+ 42. Kd3 Rg5 43. Rf3 Bb6 44. Nd2 Rd5+ 45. Ke2 g5 46. c4 bxc4
47. Nxc4 Bc7 48. Rb3 Rd4 49. Ne3 Bf4 50. Ng4 e5 51. b5 axb5 52. Rxb5 Rd2+ 53.
Kf1 Ke6 54. a4 Ra2 55. a5 Kf5 56. Nh6+ Ke4 57. Ng4 1/2-1/2

[Event "FIDE WYCC 2016 U16 boys"]
[Site "Khanty Mansiysk"]
[Date "2016.09.25"]
[Round "4.6"]
[White "Ozen, Bahadir"]
[Black "Lobanov, Sergei"]
[Result "1/2-1/2"]
[WhiteElo "2304"]
[BlackElo "2432"]
[Annotator "Reinhold Goldau"]
[PlyCount "57"]
[EventDate "2016.09.??"]
[EventType "swiss"]
[EventRounds "11"]
[EventCountry "RUS"]
[SourceTitle "Youth Database"]
[Source "CBase R.Goldau"]
[SourceDate "2000.03.01"]

1. d4 Nf6 2. Bg5 Ne4 3. h4 c5 4. d5 Qb6 5. Nd2 Nxg5 6. hxg5 g6 7. e4 Qxb2 8.
Rb1 Qg7 9. Qf3 h6 10. Qg3 d6 11. Bb5+ Nd7 12. Bxd7+ Bxd7 13. Rxb7 hxg5 14. Qb3
Rc8 15. Rxh8 Qxh8 16. Ngf3 Bh6 17. e5 g4 18. e6 fxe6 19. dxe6 Bc6 20. Rc7 Qa1+
21. Nb1 Kd8 22. Rxc6 gxf3 23. Rxc8+ Kxc8 24. gxf3 Qf6 25. Kf1 a6 26. Nc3 Qg5
27. Ne4 Qh4 28. Qc4 Kc7 29. Qa4 1/2-1/2

[Event "FIDE WYCC 2016 U16 boys"]
[Site "Khanty Mansiysk"]
[Date "2016.09.25"]
[Round "4.7"]
[White "Tran, Minh Thang"]
[Black "Fakhrutdinov, Timur"]
[Result "1/2-1/2"]
[WhiteElo "2293"]
[BlackElo "2419"]
[Annotator "Reinhold Goldau"]
[PlyCount "78"]
[EventDate "2016.09.??"]
[EventType "swiss"]
[EventRounds "11"]
[EventCountry "RUS"]
[SourceTitle "Youth Database"]
[Source "CBase R.Goldau"]
[SourceDate "2000.03.01"]

1. d4 Nf6 2. Bf4 d5 3. e3 c5 4. Nc3 cxd4 5. exd4 a6 6. Bd3 Nc6 7. Nge2 g6 8.
Qd2 b5 9. a3 Bg7 10. Bh6 O-O 11. Bxg7 Kxg7 12. Nd1 e5 13. dxe5 Nxe5 14. Nd4 Nc4
15. Bxc4 dxc4 16. c3 Re8+ 17. Ne3 Ng4 18. O-O Nxe3 19. fxe3 Bb7 20. Rf4 Be4 21.
Qf2 Qd5 22. Rf1 Ra7 23. Rg4 Qe5 24. h4 Bd3 25. Re1 Rd7 26. e4 h5 27. Rf4 f5 28.
Nxf5+ gxf5 29. Rxf5 Qe6 30. Re3 Kh8 31. Rf6 Qe5 32. Rg3 Bxe4 33. Rf8+ Rxf8 34.
Qxf8+ Kh7 35. Qg8+ Kh6 36. Qf8+ Kh7 37. Qg8+ Kh6 38. Qf8+ Kh7 39. Qg8+ Kh6
1/2-1/2

[Event "FIDE WYCC 2016 U16 boys"]
[Site "Khanty Mansiysk"]
[Date "2016.09.25"]
[Round "4.8"]
[White "Elistratov, Semen"]
[Black "Mesaros, Florian"]
[Result "1/2-1/2"]
[WhiteElo "2371"]
[BlackElo "2321"]
[Annotator "Reinhold Goldau"]
[PlyCount "96"]
[EventDate "2016.09.??"]
[EventType "swiss"]
[EventRounds "11"]
[EventCountry "RUS"]
[SourceTitle "Youth Database"]
[Source "CBase R.Goldau"]
[SourceDate "2000.03.01"]

1. e4 e5 2. Nf3 Nc6 3. Bb5 a6 4. Ba4 Nf6 5. O-O Be7 6. Re1 b5 7. Bb3 d6 8. c3
O-O 9. h3 Re8 10. d4 Bb7 11. Nbd2 exd4 12. cxd4 Nd7 13. Nf1 Bf6 14. Ng3 Na5 15.
Bc2 g6 16. Bd2 c5 17. dxc5 Nc4 18. Bc3 Bxc3 19. bxc3 Nxc5 20. Nd2 Ne5 21. Nb3
Na4 22. f4 Nc4 23. Nd4 Rc8 24. Qf3 Nd2 25. Qf2 Qh4 26. Rad1 Nc4 27. Bxa4 bxa4
28. Rb1 Ba8 29. Kh2 h5 30. f5 Qf6 31. Qf4 h4 32. Nf1 g5 33. Qg4 Ne5 34. Qh5
Rxc3 35. Ne6 Nd3 36. Re3 Rc2 37. Rxd3 Bxe4 38. Ne3 Qe5+ 39. Kg1 Qg3 40. Qxg5+
Qxg5 41. Nxg5 Bxd3 42. Nxc2 Bxc2 43. Rb7 Bxf5 44. Rxf7 Bxh3 45. Rf4 Bd7 46. Ne4
Kg7 47. Nf6 Re7 48. Nxd7 Rxd7 1/2-1/2

[Event "FIDE WYCC 2016 U16 boys"]
[Site "Khanty Mansiysk"]
[Date "2016.09.25"]
[Round "4.9"]
[White "Yordanov, Lachezar"]
[Black "Maghsoodloo, Parham"]
[Result "0-1"]
[WhiteElo "2300"]
[BlackElo "2566"]
[Annotator "Reinhold Goldau"]
[PlyCount "48"]
[EventDate "2016.09.??"]
[EventType "swiss"]
[EventRounds "11"]
[EventCountry "RUS"]
[SourceTitle "Youth Database"]
[Source "CBase R.Goldau"]
[SourceDate "2000.03.01"]

1. d4 Nf6 2. c4 g6 3. Nf3 Bg7 4. g3 O-O 5. Bg2 d5 6. cxd5 Nxd5 7. O-O Nb6 8.
Nc3 Nc6 9. e3 Re8 10. Re1 a5 11. b3 e5 12. dxe5 Nxe5 13. Nxe5 Bxe5 14. Bb2 c6
15. Qc2 a4 16. Rad1 Qe7 17. f4 Bg7 18. e4 axb3 19. axb3 Qb4 20. Re3 Be6 21. Ne2
Ra2 22. e5 Nc4 23. bxc4 Rxb2 24. Qe4 Bf8 0-1

[Event "FIDE WYCC 2016 U16 boys"]
[Site "Khanty Mansiysk"]
[Date "2016.09.25"]
[Round "4.10"]
[White "Fawzy, Adham"]
[Black "Zhu, Yi"]
[Result "0-1"]
[WhiteElo "2451"]
[BlackElo "2296"]
[Annotator "Reinhold Goldau"]
[PlyCount "59"]
[EventDate "2016.09.??"]
[EventType "swiss"]
[EventRounds "11"]
[EventCountry "RUS"]
[SourceTitle "Youth Database"]
[Source "CBase R.Goldau"]
[SourceDate "2000.03.01"]

1. e4 c5 2. Nf3 d6 3. Bb5+ Bd7 4. Bxd7+ Qxd7 5. c4 Nf6 6. Nc3 Nc6 7. d4 cxd4 8.
Nxd4 g6 9. f3 Bg7 10. Be3 O-O 11. Rc1 Rfc8 12. b3 a6 13. a4 Qd8 14. Nde2 Nd7
15. O-O Nc5 16. Rb1 Rab8 17. Qd2 Nb4 18. Rfd1 b6 19. Nd4 Ne6 20. Nde2 Nc5 21.
Bd4 Qf8 22. Nd5 Nxd5 23. cxd5 b5 24. axb5 axb5 25. Bxg7 Qxg7 26. Nd4 Rb7 27.
Rdc1 Re8 28. Nc6 Nd7 29. Qe3 Ne5 30. Na5 0-1

[Event "FIDE WYCC 2016 U16 boys"]
[Site "Khanty Mansiysk"]
[Date "2016.09.25"]
[Round "4.11"]
[White "Askerov, Marat"]
[Black "Livaic, Leon"]
[Result "1/2-1/2"]
[WhiteElo "2299"]
[BlackElo "2436"]
[Annotator "Reinhold Goldau"]
[PlyCount "106"]
[EventDate "2016.09.??"]
[EventType "swiss"]
[EventRounds "11"]
[EventCountry "RUS"]
[SourceTitle "Youth Database"]
[Source "CBase R.Goldau"]
[SourceDate "2000.03.01"]

1. d4 Nf6 2. c4 e6 3. Nf3 d5 4. g3 dxc4 5. Bg2 Bb4+ 6. Bd2 a5 7. Qc2 Bxd2+ 8.
Qxd2 c6 9. a4 Ne4 10. Qc1 Nd6 11. Nfd2 Na6 12. Nxc4 Nb4 13. O-O O-O 14. Nbd2 b6
15. Ne5 Ba6 16. Re1 Rc8 17. Nb3 f6 18. Nf3 Qe7 19. Qc3 c5 20. dxc5 Ne4 21. Qe3
Nxc5 22. Nxc5 Rxc5 23. Nd4 e5 24. Rec1 Rfc8 25. Qb3+ Bc4 26. Rxc4 Rxc4 27. Bh3
Kh8 28. Bxc8 Rxc8 29. Nb5 h6 30. Rd1 Rd8 31. Rc1 Qd7 32. Qf3 Qd5 33. Qg4 Qd7
34. Qg6 Nc6 35. e3 Qd2 36. Rc2 Qd1+ 37. Kg2 Ne7 38. Qe4 f5 39. Qc4 Rc8 40. Nc7
Qd6 41. Rc3 Qd7 42. h3 Kh7 43. Kh2 Ng8 44. Qc6 Qxc6 45. Rxc6 Nf6 46. Rc3 Ne4
47. Rc2 Kg6 48. Kg2 Kf7 49. f3 Nf6 50. Rc3 e4 51. Nb5 Rxc3 52. Nxc3 Ke6 53. Ne2
Kd5 1/2-1/2

[Event "FIDE WYCC 2016 U16 boys"]
[Site "Khanty Mansiysk"]
[Date "2016.09.25"]
[Round "4.12"]
[White "Tiglon, Bryce"]
[Black "Costachi, Mihnea"]
[Result "0-1"]
[WhiteElo "2292"]
[BlackElo "2420"]
[Annotator "Reinhold Goldau"]
[PlyCount "70"]
[EventDate "2016.09.??"]
[EventType "swiss"]
[EventRounds "11"]
[EventCountry "RUS"]
[SourceTitle "Youth Database"]
[Source "CBase R.Goldau"]
[SourceDate "2000.03.01"]

1. e4 e5 2. Nf3 Nc6 3. Bb5 a6 4. Ba4 Nf6 5. O-O Be7 6. Re1 b5 7. Bb3 d6 8. c3
O-O 9. h3 Bb7 10. d4 Nd7 11. Nbd2 exd4 12. cxd4 Bf6 13. Nf1 Na5 14. Bc2 Re8 15.
Rb1 c5 16. d5 Nc4 17. b3 Ncb6 18. Ne3 Nf8 19. Bd2 Bc8 20. Ng4 Bxg4 21. hxg4 h6
22. Qc1 Qd7 23. g5 hxg5 24. Bxg5 Bxg5 25. Qxg5 Qe7 26. Qh5 Qf6 27. e5 g6 28.
Qh2 dxe5 29. Rxe5 Rxe5 30. Nxe5 Rc8 31. Ng4 Qg5 32. Qd6 Nxd5 33. Qxd5 Qxg4 34.
Qe5 Rd8 35. Qxc5 Ne6 0-1

[Event "FIDE WYCC 2016 U16 boys"]
[Site "Khanty Mansiysk"]
[Date "2016.09.25"]
[Round "4.13"]
[White "Tahbaz, Arash"]
[Black "Cadilhac, Igor Tokuichi Kikuc"]
[Result "1-0"]
[WhiteElo "2420"]
[BlackElo "2269"]
[Annotator "Reinhold Goldau"]
[PlyCount "57"]
[EventDate "2016.09.??"]
[EventType "swiss"]
[EventRounds "11"]
[EventCountry "RUS"]
[SourceTitle "Youth Database"]
[Source "CBase R.Goldau"]
[SourceDate "2000.03.01"]

1. e4 c5 2. Nf3 d6 3. d4 cxd4 4. Nxd4 Nf6 5. Nc3 g6 6. Be3 Bg7 7. f3 O-O 8. Qd2
Nc6 9. O-O-O d5 10. Qe1 e5 11. Nxc6 bxc6 12. exd5 Nxd5 13. Bc4 Be6 14. Ne4 Qc7
15. Bc5 Rfd8 16. Qh4 h6 17. g4 Rab8 18. g5 h5 19. Qf2 Qb7 20. b3 a5 21. a4 Nf4
22. Bxe6 Nxe6 23. Bd6 Ra8 24. Rhe1 Nd4 25. f4 Rxd6 26. Nxd6 Qb6 27. Kb1 exf4
28. Qxf4 Nxb3 29. Qxf7+ 1-0

[Event "FIDE WYCC 2016 U16 boys"]
[Site "Khanty Mansiysk"]
[Date "2016.09.25"]
[Round "4.14"]
[White "Saydaliev, Saidakbar"]
[Black "Villca, Julian"]
[Result "1-0"]
[WhiteElo "2403"]
[BlackElo "2234"]
[Annotator "Reinhold Goldau"]
[PlyCount "77"]
[EventDate "2016.09.??"]
[EventType "swiss"]
[EventRounds "11"]
[EventCountry "RUS"]
[SourceTitle "Youth Database"]
[Source "CBase R.Goldau"]
[SourceDate "2000.03.01"]

1. e4 e5 2. Nf3 Nc6 3. Bb5 a6 4. Ba4 Nf6 5. O-O Nxe4 6. d4 b5 7. Bb3 d5 8. dxe5
Be6 9. Nbd2 Bc5 10. Nxe4 dxe4 11. Ng5 Qxd1 12. Rxd1 Bxb3 13. axb3 O-O 14. Nxe4
Bb6 15. Bf4 Rfe8 16. Nc3 Rad8 17. Kf1 Nb4 18. Rac1 h6 19. Rxd8 Rxd8 20. Ne4 Nc6
21. c3 a5 22. h4 Kf8 23. Re1 Rd3 24. Ke2 Rd5 25. Rd1 Ne7 26. Rxd5 Nxd5 27. Bd2
Ne7 28. g3 Nf5 29. Kd3 Ke7 30. h5 Ke6 31. f4 Bg1 32. g4 Ne7 33. c4 a4 34. bxa4
bxa4 35. Be3 Bxe3 36. Kxe3 f6 37. Nc5+ Kf7 38. g5 Nc6 39. g6+ 1-0

[Event "FIDE WYCC 2016 U16 boys"]
[Site "Khanty Mansiysk"]
[Date "2016.09.25"]
[Round "4.15"]
[White "Mitrabha, Guha"]
[Black "Kevlishvili, Robby"]
[Result "0-1"]
[WhiteElo "2286"]
[BlackElo "2402"]
[Annotator "Reinhold Goldau"]
[PlyCount "100"]
[EventDate "2016.09.??"]
[EventType "swiss"]
[EventRounds "11"]
[EventCountry "RUS"]
[SourceTitle "Youth Database"]
[Source "CBase R.Goldau"]
[SourceDate "2000.03.01"]

1. d4 Nf6 2. Nf3 g6 3. g3 Bg7 4. Bg2 O-O 5. O-O d6 6. a4 a5 7. Nc3 Nc6 8. e4
Bg4 9. h3 Bxf3 10. Bxf3 e5 11. dxe5 dxe5 12. Bg5 Nd4 13. Nd5 c6 14. Nxf6+ Bxf6
15. Be3 Ne6 16. Qxd8 Rfxd8 17. h4 h5 18. Be2 Be7 19. Bc4 Nd4 20. c3 Nf3+ 21.
Kg2 Nd2 22. Bxd2 Rxd2 23. b3 Rad8 24. Kh3 Kg7 25. Rae1 Bc5 26. f4 exf4 27. Rxf4
f6 28. Rf3 Bd6 29. Re2 Be5 30. Rxd2 Rxd2 31. Rd3 Rc2 32. Re3 g5 33. hxg5 fxg5
34. Be2 Kg6 35. Kg2 Bf4 36. gxf4 gxf4 37. Rd3 Rxe2+ 38. Kf1 Rb2 39. c4 Kf6 40.
Rh3 Ke5 41. Rxh5+ Kxe4 42. Rxa5 Rxb3 43. Rc5 f3 44. Kf2 Rb2+ 45. Kf1 Kd4 46.
Rf5 Kxc4 47. Rxf3 Kb4 48. Rf4+ Ka5 49. Ke1 Rb4 50. Rf5+ Kxa4 0-1

[Event "FIDE WYCC 2016 U16 boys"]
[Site "Khanty Mansiysk"]
[Date "2016.09.25"]
[Round "4.16"]
[White "Banzea, Alexandru Bogdan"]
[Black "Pultinevicius, Paulius"]
[Result "0-1"]
[WhiteElo "2284"]
[BlackElo "2351"]
[Annotator "Reinhold Goldau"]
[PlyCount "94"]
[EventDate "2016.09.??"]
[EventType "swiss"]
[EventRounds "11"]
[EventCountry "RUS"]
[SourceTitle "Youth Database"]
[Source "CBase R.Goldau"]
[SourceDate "2000.03.01"]

1. e4 e5 2. Nf3 Nc6 3. Bc4 Nf6 4. Ng5 d5 5. exd5 Na5 6. Bb5+ c6 7. dxc6 bxc6 8.
Bd3 h6 9. Ne4 Nd5 10. O-O g6 11. Re1 Bg7 12. Bf1 O-O 13. d3 f5 14. Ned2 Re8 15.
g3 Be6 16. Bg2 Rb8 17. Na3 Bf7 18. Ndc4 Rb7 19. Bd2 Nxc4 20. Nxc4 Rd7 21. Qf3
e4 22. dxe4 Nc7 23. Bf1 Rxe4 24. Rxe4 fxe4 25. Qxe4 Rxd2 26. Nxd2 Qxd2 27. Qxc6
Bxb2 28. Rb1 Bd4 29. Bc4 Qxf2+ 30. Kh1 Kh7 31. Bxf7 Qxf7 32. Kg2 Qf2+ 33. Kh3
Qf5+ 34. g4 Qf7 35. c3 Bg7 36. Rb7 Qf1+ 37. Qg2 Qc4 38. Qf3 Ne6 39. Kg3 Ng5 40.
Qe3 Ne4+ 41. Kg2 Qxa2+ 42. Kf3 Nd2+ 43. Kf2 Ne4+ 44. Kf3 Nd2+ 45. Kf2 a5 46.
Re7 Kg8 47. Rd7 Nb1+ 0-1

[Event "FIDE WYCC 2016 U16 boys"]
[Site "Khanty Mansiysk"]
[Date "2016.09.25"]
[Round "4.17"]
[White "Mirzoyan, David"]
[Black "Nguyen, Dang Hong Phuc"]
[Result "1/2-1/2"]
[WhiteElo "2322"]
[BlackElo "2209"]
[Annotator "Reinhold Goldau"]
[PlyCount "85"]
[EventDate "2016.09.??"]
[EventType "swiss"]
[EventRounds "11"]
[EventCountry "RUS"]
[SourceTitle "Youth Database"]
[Source "CBase R.Goldau"]
[SourceDate "2000.03.01"]

1. d4 Nf6 2. c4 e6 3. Nc3 Bb4 4. Qc2 O-O 5. a3 Bxc3+ 6. Qxc3 b6 7. Bg5 Bb7 8.
e3 d5 9. cxd5 Bxd5 10. Rc1 Nbd7 11. f3 h6 12. Bxf6 Qxf6 13. Qxc7 Rac8 14. Qxc8
Rxc8 15. Rxc8+ Nf8 16. Bd3 e5 17. Ne2 g5 18. O-O Qe6 19. Rfc1 exd4 20. e4 Ba2
21. Nxd4 Qd7 22. Nf5 Qxd3 23. Rxf8+ Kh7 24. Rfc8 Be6 25. R8c3 Qb5 26. Ne3 Qxb2
27. R1c2 Qb1+ 28. Kf2 b5 29. Rd2 b4 30. axb4 Qxb4 31. Rcd3 Qb6 32. Rd6 Qb4 33.
R6d4 Qc5 34. g3 a5 35. f4 gxf4 36. gxf4 Bb3 37. R4d3 a4 38. Kg2 Qa5 39. Rb2 Qb4
40. Kf3 Qe1 41. f5 Qc1 42. Rg2 Qc6 43. Nd5 1/2-1/2

[Event "FIDE WYCC 2016 U16 boys"]
[Site "Khanty Mansiysk"]
[Date "2016.09.25"]
[Round "4.18"]
[White "Mustafin, Andrey"]
[Black "Hilby, Craig"]
[Result "1/2-1/2"]
[WhiteElo "2242"]
[BlackElo "2319"]
[Annotator "Reinhold Goldau"]
[PlyCount "74"]
[EventDate "2016.09.??"]
[EventType "swiss"]
[EventRounds "11"]
[EventCountry "RUS"]
[SourceTitle "Youth Database"]
[Source "CBase R.Goldau"]
[SourceDate "2000.03.01"]

1. e4 e5 2. Nf3 Nc6 3. Bc4 Bc5 4. c3 Nf6 5. d3 a6 6. O-O d6 7. Bb3 Ba7 8. Nbd2
O-O 9. h3 Be6 10. Bc2 d5 11. exd5 Bxd5 12. Re1 Re8 13. Qe2 Nh5 14. Nf1 Qf6 15.
Ng5 Nf4 16. Bxf4 Qxf4 17. Ne4 f5 18. Ned2 Bf7 19. Qf3 Qg5 20. Bb3 Bxb3 21. axb3
Rad8 22. Rad1 Qg6 23. Nc4 b5 24. Nce3 f4 25. Nf5 Qxf5 26. Qxc6 Bb6 27. Nh2 Re6
28. Qe4 Qxe4 29. dxe4 Red6 30. Rxd6 Rxd6 31. Nf3 Kf8 32. b4 Ke7 33. Kf1 Kf6 34.
Ra1 Ba7 35. Ke2 c5 36. bxc5 Bxc5 37. Ne1 Rb6 1/2-1/2

[Event "FIDE WYCC 2016 U16 boys"]
[Site "Khanty Mansiysk"]
[Date "2016.09.25"]
[Round "4.19"]
[White "Trubchaninov, Timur"]
[Black "Laurent Paoli, Pierre"]
[Result "0-1"]
[WhiteElo "2233"]
[BlackElo "2305"]
[Annotator "Reinhold Goldau"]
[PlyCount "52"]
[EventDate "2016.09.??"]
[EventType "swiss"]
[EventRounds "11"]
[EventCountry "RUS"]
[SourceTitle "Youth Database"]
[Source "CBase R.Goldau"]
[SourceDate "2000.03.01"]

1. e4 c6 2. d4 d5 3. exd5 cxd5 4. c4 Nf6 5. Nc3 Nc6 6. Bg5 Be6 7. Nge2 dxc4 8.
Bxf6 exf6 9. d5 Nb4 10. Nf4 Bf5 11. Rc1 Bd6 12. Bxc4 O-O 13. Nfe2 Rc8 14. Nb5
Rxc4 15. Rxc4 Nd3+ 16. Kf1 Nxb2 17. Qb3 Nxc4 18. Qxc4 Qd7 19. Nxd6 Qxd6 20. g4
Rc8 21. Qd4 Bd7 22. Kg2 Qa6 23. Ng3 Qc4 24. Qd2 Rc5 25. Rd1 Rxd5 26. Qxd5 Bc6
0-1

[Event "FIDE WYCC 2016 U16 boys"]
[Site "Khanty Mansiysk"]
[Date "2016.09.25"]
[Round "4.20"]
[White "Gholami, Aryan"]
[Black "Svidersky, Nikita"]
[Result "1-0"]
[WhiteElo "2435"]
[BlackElo "1979"]
[Annotator "Reinhold Goldau"]
[PlyCount "91"]
[EventDate "2016.09.??"]
[EventType "swiss"]
[EventRounds "11"]
[EventCountry "RUS"]
[SourceTitle "Youth Database"]
[Source "CBase R.Goldau"]
[SourceDate "2000.03.01"]

1. Nf3 f5 2. c4 g6 3. g3 Nf6 4. Bg2 Bg7 5. O-O O-O 6. Nc3 d6 7. d4 Nc6 8. Qc2
e5 9. dxe5 dxe5 10. Rd1 Qe7 11. Nd5 Nxd5 12. cxd5 Nb4 13. Qb3 Qd6 14. Nd2 Na6
15. Nc4 Qb4 16. Qc2 e4 17. a3 Qe7 18. Bf4 Rd8 19. Rac1 Qf7 20. b4 Rxd5 21. Rxd5
Qxd5 22. Rd1 Qe6 23. Rd8+ Kf7 24. b5 Bf6 25. Rd1 g5 26. Be3 Nb8 27. f3 exf3 28.
Bxf3 Kg7 29. Bf2 Nd7 30. Ne3 Nb6 31. Qxc7+ Qf7 32. Qc2 f4 33. Nf5+ Bxf5 34.
Qxf5 Qb3 35. Rd6 Rf8 36. Be4 Rf7 37. Qxh7+ Kf8 38. Rxf6 Qd1+ 39. Kg2 Rxf6 40.
Bc5+ Rd6 41. Bd3 Nc8 42. Qxb7 f3+ 43. Qxf3+ Kg7 44. Qb7+ Kf6 45. Qxc8 Rxd3 46.
Qf8+ 1-0

[Event "FIDE WYCC 2016 U16 boys"]
[Site "Khanty Mansiysk"]
[Date "2016.09.25"]
[Round "4.21"]
[White "Nikitenko, Mihail"]
[Black "Shkurkin, Andrey"]
[Result "1-0"]
[WhiteElo "2399"]
[BlackElo "2190"]
[Annotator "Reinhold Goldau"]
[PlyCount "54"]
[EventDate "2016.09.??"]
[EventType "swiss"]
[EventRounds "11"]
[EventCountry "RUS"]
[SourceTitle "Youth Database"]
[Source "CBase R.Goldau"]
[SourceDate "2000.03.01"]

1. Nf3 c5 2. g3 Nf6 3. Bg2 g6 4. O-O Bg7 5. d3 d5 6. Nbd2 Nc6 7. e4 e6 8. exd5
Nxd5 9. a3 O-O 10. Rb1 b6 11. c4 Nde7 12. b4 cxb4 13. axb4 Bb7 14. Ne4 Qc7 15.
b5 Ne5 16. Nxe5 Bxe5 17. Bb2 Bxb2 18. Rxb2 Bxe4 19. Bxe4 Rad8 20. Ra2 Rd7 21.
Qa1 Nf5 22. Bc6 Rxd3 23. Rxa7 Qd6 24. Rd7 Qa3 25. Qxa3 Rxa3 26. Rb7 Nd6 27.
Rxb6 Nxc4 1-0